Ethnic groups of Algeria by map - Statistics

General Stats
  • This quiz has been taken 38 times
  • The average score is 2 of 5
Answer Stats
Picture Answer % Correct
Tuareg
76%
Arabs
70%
Kabyle
58%
Chaoui
21%
Belbali
6%
No matching quizzes found
Score Distribution
Percent of People with Each Score
Percentile by Number Answered
Your Score History
You have not taken this quiz